CONCISE INORGANIC CHEMISTRY (Record no. 34425)
[ view plain ]
| 000 -LEADER | |
|---|---|
| fixed length control field | 00225nam a22001097a 4500 |
| 003 - CONTROL NUMBER IDENTIFIER | |
| control field | SGT |
| 082 ## - DEWEY DECIMAL CLASSIFICATION NUMBER | |
| Classification number | 546,LEE |
| 100 ## - MAIN ENTRY--PERSONAL NAME | |
| Personal name | LEE, J.D. |
| 245 ## - TITLE STATEMENT | |
| Title | CONCISE INORGANIC CHEMISTRY |
| 260 ## - PUBLICATION, DISTRIBUTION, ETC. (IMPRINT) | |
| Name of publisher, distributor, etc | BLACKWEA PUB |
| 942 ## - ADDED ENTRY ELEMENTS (KOHA) | |
| Source of classification or shelving scheme | Dewey Decimal Classification |
| Koha item type | Gifted Books |
| Withdrawn status | Lost status | Source of classification or shelving scheme | Damaged status | Not for loan | Collection code | Home library | Current library | Shelving location | Date acquired | Vendor Name | SGTU | Full call number | Accession No. (Barcode) | Date last seen | Bill Date | Koha item type |
|---|---|---|---|---|---|---|---|---|---|---|---|---|---|---|---|---|
| Dewey Decimal Classification | ENGINEERING | SGT Engineering Library | SGT Engineering Library | Text Book | 23/03/2026 | GIFTED | SGTU | 546,LEE | FE9549 | 23/03/2026 | 23/03/2026 | Gifted Books |